000 00531pab a2200181 454500
008 180718b2015 xxu||||| |||| 00| 0 eng d
100 _aLavakare, P.J.
245 _aEconomic and political impact of internationalisation of higher education in the Indian and global context
260 _c2015
300 _ap.13-24.
362 _a7 Sep
650 _aEducational policy - India
650 _aHigher education - India
650 _aHigher education
700 _aPowar, K.B.
773 _aUniversity News
909 _a109150
999 _c109145
_d109145